| 000 | 00000nas 2200000zi 4500 |
| 001 | 9.886762 |
| 003 | CaOODSP |
| 005 | 20221107171517 |
| 006 | m o d f |
| 007 | cr ||||||||||| |
| 008 | 200504d19961998oncux m o f0###|0fre|d |
| 040 | |aCaOODSP|bfre|erda|cCaOODSP |
| 043 | |an-cn--- |
| 086 | 1 |aC21-22F-PDF |
| 130 | 0 |aCadres de compétitivité sectorielle. |
| 245 | 00|aCadres de compeĢtitiviteĢ sectorielle. |
| 264 | 1|a[Ottawa] : |bIndustrie Canada, |c[1996-1998] |
| 336 | |atexte|btxt|2rdacontent/fre |
| 337 | |ainformatique|bc|2rdamedia/fre |
| 338 | |aressource en ligne|bcr|2rdacarrier/fre |
| 500 | |aPublié aussi en anglais sous le titre : Sector competitiveness frameworks. |
| 500 | |aÉdition numérisée de l'imprimé [par Innovation, Sciences et Développement économique Canada]. |
| 530 | |aPublié aussi en version imprimée. |
| 650 | 6|aIndustrie et éducation|zCanada. |
| 650 | 6|aCompétitivité (Économie)|zCanada. |
| 710 | 1 |aCanada. |bSecteur des services et grands projets. |
| 710 | 1 |aCanada. |bIndustrie Canada. |
| 775 | 08|tSector competitiveness frameworks.|w(CaOODSP)9.886763 |
| 776 | 0#|tCadres de compétitivité sectorielle |w(CaOODSP)9.512853 |